[Event "Ch Switzerland (team)"]
[Site "masterchessopen.com Switzerland"]
[Round "1"]
[White "Preiss Martin (GER)"]
[Black "Kraehenbuehl Gerhard (SUI)"]
[Result "1-0"]
[WhiteElo "2269"]
[BlackElo "2265"]

1.c4 g6 2.Nc3 Bg7 3.Nf3 d6 4.g3 Nf6 5.Bg2 O-O 6.d4 Nbd7 7.O-O e5 8.e4 Re8
9.Re1 a5 10.h3 exd4 11.Nxd4 Nc5 12.Ndb5 Be6 13.e5 dxe5 14.Qxd8 Rexd8 15.Nxc7
Rac8 16.Nxe6 Nxe6 17.Rxe5 b6 18.Be3 Rxc4 19.Bxb6 Rd2 20.Rb5 Rb4 21.Rb1 Nd4
22.Bxa5 Rxb5 23.Nxb5 Ne2+ 24.Kf1 Rc2 25.Na3 Rc5 26.Bb4 Re5 27.Re1 Nxg3+
28.fxg3 Rf5+ 29.Kg1 h5 30.Bc3 Bf8 31.Nc2 Nd7 32.Re8 f6 33.Ne3 Rg5 34.Bd5+ Kg7
{#r} 1-0

[Event "It (open)"]
[Site "masterchessopen.com Szekszard (Hungary)"]
[Round "5"]
[White "Andi Peter (HUN)"]
[Black "Pinter Gabor (HUN)"]
[Result "1-0"]
[WhiteElo "2172"]
[BlackElo "2195"]

1.d4 Nf6 2.Nf3 g6 3.c4 Bg7 4.g3 O-O 5.Bg2 d6 6.O-O Nbd7 7.Nc3 e5 8.e4 c6 9.Re1
Re8 10.h3 a5 11.Rb1 exd4 12.Nxd4 Nc5 13.b3 Ne6 14.Nxe6 Bxe6 15.Bb2 Qd7 16.Kh2
Rad8 17.Qd2 h5 18.Qf4 Nh7 19.Ne2 a4 20.Bxg7 Kxg7 21.Red1 Qe7 22.Rd2 axb3
23.axb3 Rd7 24.Rbd1 Red8 25.Qe3 Qg5 26.f4 Qf6 27.Rf1 Rc7 28.f5 gxf5 29.exf5
Bc8 30.Nf4 Qg5 31.h4 Qh6 32.Bf3 Nf6 33.Qb6 Rcd7 34.Qd4 Kg8 35.Re2 d5 36.cxd5
cxd5 37.Rc1 Rd6 38.Re5 Ng4+ 39.Bxg4 hxg4 40.Rce1 Bd7 41.Rxd5 Rxd5 42.Nxd5 {#r}
1-0

[Event "It (open)"]
[Site "masterchessopen.com Szekszard (Hungary)"]
[Round "1"]
[White "Horvath Jozsef_ (HUN)"]
[Black "Pinter Gabor (HUN)"]
[Result "1-0"]
[WhiteElo "2515"]
[BlackElo "2195"]

1.d4 Nf6 2.Nf3 g6 3.c4 Bg7 4.g3 O-O 5.Bg2 d6 6.Nc3 Nbd7 7.O-O e5 8.e4 c6 9.Rb1
Re8 10.h3 exd4 11.Nxd4 Nc5 12.Re1 d5 13.cxd5 cxd5 14.exd5 Rxe1+ 15.Qxe1 Nxd5
16.Nxd5 Bxd4 17.Be3 Bxe3 18.Qxe3 Ne6 19.Qe5 Qg5 20.Qc3 Qd8 21.Rc1 Bd7 22.Nf6+
{#r} 1-0

[Event "Olympiad"]
[Site "masterchessopen.com Yerevan (Armenia)"]
[Round "7"]
[White "Kurajica Bojan (CRO)"]
[Black "Sepp Olav (EST)"]
[Result "0-1"]
[WhiteElo "2490"]
[BlackElo "2420"]

1.Nf3 Nf6 2.d4 g6 3.g3 Bg7 4.Bg2 O-O 5.O-O d6 6.c4 Nbd7 7.Nc3 e5 8.e4 c6 9.b3
h6 10.Qc2 Nh7 11.dxe5 dxe5 12.Rd1 Re8 13.Be3 Qe7 14.Na4 Ng5 15.Nxg5 hxg5
16.Qd2 g4 17.h3 Qe6 18.Kh2 gxh3 19.Bxh3 f5 20.f3 Qf7 21.Bg5 Nf8 22.exf5 gxf5
23.Nc3 Qh5 24.f4 exf4 25.Bxf4 Qf3 26.Rf1 Qxc3 27.Bg2 Qb2 28.Qxb2 Bxb2 29.Rad1
Be6 {#R} 0-1

[Event "Ch European Union (w)"]
[Site "masterchessopen.com Athens (Greece)"]
[Round "6"]
[White "Cuevas-Rodriguez Ma Luisa (ESP)"]
[Black "Jiretorn Eva (SWE)"]
[Result "1-0"]
[WhiteElo "2185"]
[BlackElo "2080"]

1.d4 Nf6 2.c4 g6 3.Nf3 Bg7 4.g3 O-O 5.Bg2 d6 6.O-O Nbd7 7.Nc3 e5 8.e4 Re8 9.h3
exd4 10.Nxd4 Nc5 11.Re1 a5 12.Ndb5 Bd7 13.Bf4 Bxb5 14.cxb5 Re6 15.h4 h6 16.Qd2
Kh7 17.Rad1 Qe8 18.Qc2 Re7 19.b6 Ne6 20.Bc1 cxb6 21.Rxd6 Nc5 22.Rxb6 Nfxe4
23.Nxe4 Nxe4 24.Rxe4 Rxe4 25.Bxe4 Rc8 26.Qb1 Rxc1+ 27.Qxc1 Qxe4 28.Qd2 Bd4
29.Rd6 Bc5 30.Rd7 Qe6 31.Rxb7 Qxa2 32.Qf4 Kg8 33.Rb8+ {#r} 1-0

[Event "Staatsliga B West 1997/98"]
[Site "masterchessopen.com Austria"]
[Round "6"]
[White "Csrnko Werner (AUT)"]
[Black "Eiler Gebhard (AUT)"]
[Result "0-1"]
[WhiteElo "1935"]
[BlackElo "2035"]

1.c4 Nf6 2.Nc3 g6 3.g3 Bg7 4.Bg2 O-O 5.d4 d6 6.Nf3 Nbd7 7.e4 e5 8.O-O c6
9.dxe5 dxe5 10.Qd6 Re8 11.Rd1 Bf8 12.Qd3 Qe7 13.b3 Nc5 14.Qc2 Bg4 15.Ba3 Qc7
16.h3 Bxf3 17.Bxf3 Ne6 18.Bxf8 Kxf8 19.Ne2 c5 20.Nc3 Nd4 21.Qd3 Kg7 22.Bg2
Rad8 23.Nd5 Qd6 24.Rab1 b6 25.Rb2 Nh5 26.Kh2 f5 27.f3 f4 28.g4 Ng3 29.Kg1 g5
30.Rdd2 h5 31.Bh1 Rh8 32.Rh2 Rh6 33.Rbd2 Rdh8 34.Qc3 hxg4 35.hxg4 Rxh2 36.Rxh2
Rxh2 {#R} 0-1

[Event "It (open)"]
[Site "masterchessopen.com Benasque (Spain)"]
[Round "9"]
[White "Komljenovic Davor (CRO)"]
[Black "Del Rey Diego (ESP)"]
[Result "0-1"]
[WhiteElo "2445"]
[BlackElo "2340"]

1.d4 Nf6 2.Nf3 g6 3.c4 Bg7 4.g3 O-O 5.Bg2 d6 6.O-O Nbd7 7.Nc3 e5 8.e4 c6 9.b3
exd4 10.Nxd4 Re8 11.Bb2 a5 12.Qc2 Nc5 13.Rab1 Bd7 14.Ba1 h5 15.Rfe1 h4 16.gxh4
Nh5 17.Nf3 Nf4 18.Bf1 Bg4 19.Re3 Bxf3 20.Rxf3 Qxh4 21.Rd1 Be5 22.h3 Nce6
23.Na4 Bxa1 24.Rxa1 Nd4 25.Qd1 Nxf3+ 26.Qxf3 Rxe4 27.Nc3 Re5 28.Rd1 Rae8
29.Kh2 Nh5 30.Rd2 Rf5 {#R} 0-1

[Event "It (open)"]
[Site "masterchessopen.com Calcutta (India)"]
[Round "11"]
[White "Davies Nigel R (ENG)"]
[Black "Sasikiran Krishnan (IND)"]
[Result "1-0"]
[WhiteElo "2505"]
[BlackElo "2430"]

1.c4 g6 2.d4 Nf6 3.Nf3 Bg7 4.g3 O-O 5.Bg2 d6 6.O-O Nbd7 7.Nc3 e5 8.e4 c6 9.b3
exd4 10.Nxd4 Re8 11.h3 a6 12.Re1 Rb8 13.Rb1 c5 14.Nc2 b5 15.Qxd6 Rb6 16.Qd1
Rbe6 17.cxb5 axb5 18.b4 cxb4 19.Nxb4 Bb7 20.Nbd5 Nxd5 21.Nxd5 Bc6 22.Nf4 Rxe4
23.Bxe4 Bxe4 24.Rb3 Bc6 25.Rxe8+ Qxe8 26.Re3 Qa8 27.Qe2 Nf6 28.Kh2 Ne4 29.Bb2
Bf8 30.Ba1 Bg7 31.Bxg7 Kxg7 32.Qb2+ Kg8 33.h4 Nd6 34.Rd3 Ne8 35.a3 Qa4 36.Qd4
Qa8 37.Qd8 Qa7 38.Re3 Kg7 39.Qe7 Qb6 40.Ne6+ {#r} 1-0

[Event "It (open)"]
[Site "masterchessopen.com Chicago (USA)"]
[Round "3"]
[White "Schwartzman Gabriel (USA)"]
[Black "Watson John L (USA)"]
[Result "1-0"]
[WhiteElo "2515"]
[BlackElo "2370"]

1.c4 Nf6 2.Nc3 g6 3.g3 Bg7 4.Bg2 O-O 5.d4 d6 6.Nf3 Nbd7 7.O-O e5 8.e4 c6 9.b3
Re8 10.h3 a6 11.a4 exd4 12.Nxd4 Nc5 13.Re1 a5 14.Bf4 Nh5 15.Be3 Nf6 16.Qc2
Nfd7 17.Rad1 Qb6 18.Rb1 Ne5 19.Red1 f6 20.f4 Nf7 21.Bf2 Bd7 22.f5 Re7 23.Nde2
Rae8 24.Nf4 gxf5 25.exf5 Kh8 26.g4 Qc7 27.Nh5 Bc8 28.Bd4 Nd7 29.Qf2 Rf8 30.Qh4
Nfe5 31.Nf4 Nc5 32.Ng6+ Nxg6 33.fxg6 h6 34.g5 {#r} 1-0

[Event "Czech League 1996/97 (1st) (c)"]
[Site "masterchessopen.com Czech Republic"]
[Round "0"]
[White "Drabek Miloslav (CZE)"]
[Black "Chval Zdenek (CZE)"]
[Result "0-1"]
[WhiteElo "2005"]
[BlackElo "2146"]

1.d4 Nf6 2.c4 g6 3.Nf3 Bg7 4.g3 d6 5.Bg2 O-O 6.O-O Nbd7 7.Nc3 e5 8.e4 c6 9.Rb1
a5 10.b3 exd4 11.Nxd4 Re8 12.f3 d5 13.cxd5 cxd5 14.exd5 Nb6 15.Bg5 Nbxd5
16.Nce2 Qb6 17.Kh1 h6 18.Bc1 Bd7 19.Qd2 Ne3 20.Re1 Nfd5 21.Bb2 Rad8 22.Rbc1
Nxg2 23.Kxg2 Ne3+ 24.Kf2 Bb5 25.Bc3 Bxe2 26.Rxe2 Bxd4 27.Bxd4 Rxd4 {#R} 0-1

[Event "It (open)"]
[Site "masterchessopen.com Decin (Czech Republic)"]
[Round "1"]
[White "Fakhretdinov Robert (RUS)"]
[Black "Hrbolka Ladislav Jr (CZE)"]
[Result "1-0"]
[WhiteElo "2310"]
[BlackElo "2159"]

1.d4 Nf6 2.Nf3 g6 3.c4 Bg7 4.Nc3 O-O 5.g3 d6 6.Bg2 Nbd7 7.O-O e5 8.e4 exd4
9.Nxd4 Nc5 10.h3 Re8 11.Re1 a5 12.Ndb5 Qe7 13.Rb1 Be6 14.b3 Rad8 15.Bf4 Nh5
16.Be3 c6 17.Nd4 Bc8 18.Qc2 Ne6 19.Nxe6 Bxe6 20.Rbd1 Qc7 21.Na4 c5 22.Nc3 Qc8
23.Kh2 f5 24.Bg5 Bf6 25.Bxf6 Nxf6 26.exf5 Bxf5 27.Qd2 Rxe1 28.Rxe1 b6 29.Nd5
Nxd5 30.Bxd5+ {#r} 1-0

[Event "Ch Denmark (team) 1996/97"]
[Site "masterchessopen.com Denmark"]
[Round "7"]
[White "Jacobsen Bo (DEN)"]
[Black "Pedersen Kim (DEN)"]
[Result "0-1"]
[WhiteElo "2255"]
[BlackElo "2280"]

1.c4 Nf6 2.g3 g6 3.Bg2 Bg7 4.Nc3 d6 5.d4 Nbd7 6.Nf3 O-O 7.O-O e5 8.e4 c6 9.Rb1
Re8 10.h3 h6 11.Re1 a6 12.Qc2 exd4 13.Nxd4 d5 14.cxd5 Nxd5 15.Nb3 Nxc3 16.bxc3
Ne5 17.Be3 Be6 18.Nc5 b5 19.Nxe6 Rxe6 20.Bd4 Nc4 21.Rbd1 Qe7 22.Bxg7 Kxg7
23.Rd4 Rd8 24.Red1 Red6 25.R1d3 Qf6 26.Qd1 Nb2 {#R} 0-1

[Event "Bundesliga (2nd) North 1996/97"]
[Site "masterchessopen.com Germany"]
[Round "0"]
[White "Buech Detlef (GER)"]
[Black "Syre Christian (GER)"]
[Result "0-1"]
[WhiteElo "2005"]
[BlackElo "2275"]

1.d4 d6 2.Nf3 g6 3.g3 Bg7 4.Bg2 Nf6 5.O-O O-O 6.c4 Nbd7 7.Nc3 e5 8.e4 c6 9.Re1
exd4 10.Nxd4 Qb6 11.Nc2 Ne8 12.Na4 Qa6 13.Ne3 Ne5 14.c5 b5 15.cxb6 axb6 16.Nc3
b5 17.f4 Nd7 18.Nc2 b4 19.Ne2 Rb8 20.Kh1 Nc5 21.Ncd4 Nd3 22.Rf1 Bb7 23.a4 c5
24.Nb5 Nxb2 25.Bxb2 Bxb2 26.Ra2 Bg7 27.Rd2 Qa8 28.g4 Bxe4 29.Ng3 Bxg2+ 30.Rxg2
Rb6 31.f5 Ra6 32.fxg6 hxg6 33.Qb3 Rxa4 34.Ne4 Ra1 35.Rxa1 Qxa1+ 36.Rg1 Qa8
37.Qf3 Qa6 38.Qf1 Qc6 39.Qc4 Bd4 40.Rf1 Qxe4+ {#R} 0-1

[Event "Bundesliga (2nd) North 1996/97"]
[Site "masterchessopen.com Germany"]
[Round "0"]
[White "Sieg Ulrich Dr (GER)"]
[Black "Schubert Ralf (GER)"]
[Result "1-0"]
[WhiteElo "2310"]
[BlackElo "2145"]

1.Nf3 Nf6 2.c4 g6 3.d4 Bg7 4.g3 O-O 5.Bg2 d6 6.O-O Nbd7 7.Nc3 e5 8.e4 c6 9.Rb1
exd4 10.Nxd4 Ne5 11.b3 Qb6 12.h3 Re8 13.Be3 Qc7 14.Re1 Ned7 15.Qc2 Nc5 16.Rbd1
Re7 17.Bf4 Ne8 18.Be3 Ne6 19.Nde2 Nf8 20.Qd2 f5 21.exf5 Bxf5 22.Nd4 Bf6 23.g4
Be6 24.Bf4 Bf7 25.Ne4 Be5 26.Ng5 Ne6 27.Ndxe6 Bxe6 28.Bxe5 dxe5 29.Qe3 Bf7
30.f4 Qa5 31.fxe5 Ng7 32.Ne4 Qxa2 33.Qg5 Re6 {#r} 1-0

[Event "It (open)"]
[Site "masterchessopen.com Jakarta (Indonesia)"]
[Round "0"]
[White "Ginting Nasib (INA)"]
[Black "Sen Kiu (INA)"]
[Result "1-0"]
[WhiteElo "2425"]
[BlackElo "2230"]

1.Nf3 Nf6 2.c4 g6 3.g3 Bg7 4.Bg2 O-O 5.O-O d6 6.d4 Nbd7 7.Nc3 e5 8.e4 c6 9.b3
Re8 10.h3 a6 11.d5 c5 12.Re1 Rf8 13.Bd2 Ne8 14.Qc1 f5 15.Ng5 Ndf6 16.exf5 gxf5
17.Ne6 Bxe6 18.dxe6 Qe7 19.Nd5 Qxe6 20.Nxf6+ Nxf6 21.Bxb7 Ra7 22.Bg2 Kh8
23.Be3 Nh5 24.Qd1 Qg6 25.Bf3 Nxg3 26.fxg3 Qxg3+ 27.Bg2 e4 28.Bf2 Qg6 29.Kh1
Be5 30.Rg1 Qh6 31.Bf1 Rg7 32.Rxg7 Qxg7 33.Rc1 Rg8 34.Qe2 Qg6 35.Re1 Kg7 36.b4
cxb4 37.c5 d5 38.Rd1 d4 39.Rxd4 h6 40.Rd5 Qe8 {#r} 1-0

[Event "It (open)"]
[Site "masterchessopen.com Kassel (Germany)"]
[Round "4"]
[White "Kalinitschew Sergey (GER)"]
[Black "Schultz Andreas (GER)"]
[Result "1-0"]
[WhiteElo "2525"]
[BlackElo "2275"]

1.d4 Nf6 2.Nf3 g6 3.c4 Bg7 4.g3 O-O 5.Bg2 d6 6.O-O Nbd7 7.Nc3 e5 8.e4 exd4
9.Nxd4 Nc5 10.h3 Re8 11.Re1 a5 12.Ndb5 Bd7 13.Qc2 Bc6 14.Bf4 Nfd7 15.Rad1 h6
16.Be3 Re7 17.f4 Na6 18.a3 Qf8 19.Bf2 Rae8 20.Nd5 Bxd5 21.cxd5 f5 22.e5 dxe5
23.d6 cxd6 24.Nxd6 e4 25.Nxe8 Qxe8 26.Bf1 Ndb8 27.Bb6 Nc6 28.Bxa6 bxa6 29.Rd6
{#r} 1-0

[Event "Ch Russia (w) (1 liga)"]
[Site "masterchessopen.com Kolontaevo (Russia)"]
[Round "6"]
[White "Malina Diana (RUS)"]
[Black "Dolgikh Irina (RUS)"]
[Result "1-0"]
[WhiteElo "2257"]
[BlackElo "2160"]

1.d4 Nf6 2.Nf3 g6 3.g3 Bg7 4.Bg2 O-O 5.c4 d6 6.O-O Nbd7 7.Nc3 e5 8.e4 c6 9.b3
Re8 10.h3 Qa5 11.Bd2 Qc7 12.Be3 exd4 13.Nxd4 Nc5 14.f3 Nh5 15.Bf2 Ne6 16.Nde2
Ng5 17.g4 Nf6 18.Bg3 Bf8 19.Qd2 Ne6 20.Rad1 Rd8 21.f4 Nc5 22.e5 Ne8 23.f5 Rd7
24.exd6 Bxd6 25.Qe3 Re7 26.Qf2 Bxg3 27.Nxg3 Nd7 28.Nge4 Nf8 29.c5 b6 30.fxg6
hxg6 31.b4 Ba6 32.b5 Bb7 33.Nd6 Rb8 34.Nxb7 Qxb7 35.Bxc6 Qc8 36.Nd5 Rc7
37.Bxe8 {#r} 1-0

[Event "Ch Cuba"]
[Site "masterchessopen.com Matanzas (Cuba)"]
[Round "1"]
[White "Pecorelli Garcia Humberto (CUB)"]
[Black "Gonzalez Renier (USA)"]
[Result "1-0"]
[WhiteElo "2455"]
[BlackElo "2385"]

1.d4 g6 2.Nf3 Bg7 3.c4 d6 4.g3 Nf6 5.Bg2 O-O 6.O-O Nbd7 7.Nc3 e5 8.e4 c6 9.d5
Nc5 10.Ne1 cxd5 11.cxd5 a5 12.Nd3 b6 13.Re1 Nxd3 14.Qxd3 Ba6 15.Qb1 Qd7 16.Be3
b5 17.b4 Rfc8 18.Rc1 axb4 19.Qxb4 Ng4 20.Bh3 f5 21.Nd1 h5 22.Bg5 fxe4 23.Ne3
Rxc1+ 24.Rxc1 Bb7 25.Bxg4 hxg4 26.Qxe4 Qf7 27.Qb1 Rf8 28.Rc2 Bxd5 29.Nxd5 Qxd5
30.Rd2 Qc5 31.Be7 Qc3 32.Rd3 Qc4 33.Bxf8 Bxf8 34.Rb3 e4 35.Rb4 Qd3 36.Qxd3
exd3 37.Rxb5 {#r} 1-0

[Event "It (open)"]
[Site "masterchessopen.com Metz (France)"]
[Round "7"]
[White "Komljenovic Davor (CRO)"]
[Black "Buckley Graeme (ENG)"]
[Result "1-0"]
[WhiteElo "2445"]
[BlackElo "2380"]

1.d4 Nf6 2.c4 g6 3.Nf3 Bg7 4.g3 O-O 5.Bg2 d6 6.O-O Nbd7 7.Nc3 e5 8.e4 exd4
9.Nxd4 Re8 10.h3 Nc5 11.Re1 a5 12.Ndb5 Bd7 13.Bf4 h6 14.Qc2 Ne6 15.Be3 Ng5
16.g4 Nxh3+ 17.Bxh3 Nxg4 18.Bxg4 Bxg4 19.f4 c6 20.Nd4 c5 21.Ndb5 g5 22.f5 Bf3
23.Kf2 g4 24.Rh1 Qd7 25.Rh5 d5 26.cxd5 Ra6 27.Re1 Rf6 28.Bf4 Rxe4 29.Rxe4 {#r}
1-0

[Event "Ch Yugoslavia (team)"]
[Site "masterchessopen.com Niksic (Yugoslavia)"]
[Round "8"]
[White "Arsovic Goran (SRB)"]
[Black "Strikovic Aleksa (SRB)"]
[Result "0-1"]
[WhiteElo "2535"]
[BlackElo "2560"]

1.d4 d6 2.g3 g6 3.Bg2 Bg7 4.Nf3 Nf6 5.O-O O-O 6.c4 Nbd7 7.Nc3 e5 8.e4 c6 9.b3
Re8 10.h3 a5 11.Re1 h6 12.Be3 a4 13.Rb1 axb3 14.axb3 Qa5 15.Qc2 exd4 16.Nxd4
Qh5 17.g4 Qa5 18.Re2 h5 19.g5 Nh7 20.b4 Qd8 21.f4 Nb6 22.Qd3 Ra3 23.Rb3 Rxb3
24.Nxb3 Nxc4 25.Qxc4 Be6 26.Nd5 Qc8 27.Kf2 Bxh3 28.Nb6 Qg4 29.Bxh3 Qxh3 30.Nd2
Qh2+ 31.Kf1 Qh1+ 32.Bg1 Qh3+ 33.Rg2 Bc3 34.Qe2 Bxd2 35.Qxd2 Rxe4 36.Bf2 Qf5
37.Qxd6 Rxf4 38.Kg1 Nf8 39.Qd2 h4 40.Kh1 h3 {#R} 0-1

[Event "Ch Yugoslavia (team)"]
[Site "masterchessopen.com Niksic (Yugoslavia)"]
[Round "5"]
[White "Vukic Milan (BIH)"]
[Black "Kostic Vladimir (SRB)"]
[Result "0-1"]
[WhiteElo "2480"]
[BlackElo "2425"]

1.Nf3 Nf6 2.g3 g6 3.Bg2 Bg7 4.O-O O-O 5.c4 d6 6.d4 Nbd7 7.Nc3 e5 8.e4 c6 9.b3
Re8 10.h3 Qe7 11.Be3 a6 12.d5 cxd5 13.cxd5 b5 14.Ne1 b4 15.Na4 a5 16.Nd3 Ba6
17.Re1 Rec8 18.a3 bxa3 19.Rxa3 h5 20.Nb6 Nxb6 21.Bxb6 h4 22.g4 Bh6 23.Bxa5 Qb7
24.Bf1 Nd7 25.b4 Bb5 26.Qf3 Rc2 27.Rd1 Rac8 28.Ne1 Rc1 29.Bxb5 Qxb5 30.Rad3
Qa4 31.Kg2 Bf4 32.Rxc1 Rxc1 33.Ra3 Qb5 34.Nd3 Rb1 35.Qe2 Qc4 36.Ra2 Be3 37.Kf3
Nf6 38.Kxe3 Qxe4+ 39.Kd2 Qxd5 40.Ra3 Rb2+ {#R} 0-1

[Event "Cup Russia (open)"]
[Site "masterchessopen.com Perm (Russia)"]
[Round "3"]
[White "Dzuban Oleg I (KAZ)"]
[Black "Ershova Svetlana (RUS)"]
[Result "0-1"]
[WhiteElo "2385"]
[BlackElo "2205"]

1.d4 Nf6 2.c4 g6 3.Nc3 Bg7 4.Nf3 O-O 5.g3 d6 6.Bg2 Nbd7 7.O-O e5 8.e4 c6 9.Re1
Re8 10.h3 Qb6 11.d5 Nc5 12.Bf1 a5 13.Rb1 Qc7 14.b3 Bd7 15.Nd2 Rf8 16.a3 cxd5
17.cxd5 Ne8 18.b4 axb4 19.axb4 Na4 20.Nxa4 Bxa4 21.Qe2 Bc2 22.Rb2 f5 23.f3
fxe4 24.Nxe4 Bxe4 25.fxe4 Ra3 26.Be3 Rc3 27.Bg2 Nf6 28.g4 Rc4 29.Qd3 Ra8
30.Kh2 b5 31.Ree2 Ra4 32.Qb1 h6 33.Re1 Ra3 34.Bd2 Qa7 35.Rc1 Qf2 36.Bg5 Qg3+
37.Kh1 hxg5 38.Rxc4 bxc4 {#R} 0-1

[Event "It (open)"]
[Site "masterchessopen.com Perth (England)"]
[Round "1"]
[White "Wilman Carey (SCO)"]
[Black "Rowson Jonathan (SCO)"]
[Result "0-1"]
[WhiteElo "2033"]
[BlackElo "2490"]

1.d4 d6 2.Nf3 Nf6 3.c4 g6 4.Nc3 Bg7 5.g3 O-O 6.Bg2 Nbd7 7.O-O e5 8.e4 c6 9.Re1
Qb6 10.dxe5 Nxe5 11.Nxe5 dxe5 12.Qc2 Re8 13.Be3 Qc7 14.Rad1 Be6 15.Na4 Bf8
16.Bc5 Nd7 17.Bxf8 Nxf8 18.Rd3 Rad8 19.Red1 Bc8 20.Nc5 Rxd3 21.Nxd3 Ne6 22.Nc1
Nd4 23.Qa4 b5 24.cxb5 cxb5 25.Qa5 Rd8 26.Rf1 Be6 27.Qc3 Rc8 28.Qxc7 Rxc7 {#R}
0-1

[Event "Ch Slovakia (team) 1996/97"]
[Site "masterchessopen.com Presov (Slovakia)"]
[Round "5"]
[White "Likavsky Tomas (SVK)"]
[Black "Tibensky Robert (SVK)"]
[Result "0-1"]
[WhiteElo "2240"]
[BlackElo "2420"]

1.d4 d6 2.Nf3 g6 3.c4 Bg7 4.Nc3 Nd7 5.g3 e5 6.Bg2 Ngf6 7.O-O O-O 8.e4 c6 9.b3
Re8 10.h3 a6 11.Be3 b5 12.cxb5 cxb5 13.b4 exd4 14.Bxd4 Bb7 15.Nd2 Rc8 16.Re1
Ne5 17.Qb3 Nc6 18.Be3 Nd7 19.Rac1 Nd4 20.Qb1 Nb6 21.Kh1 Nc4 22.Nxc4 Rxc4 23.a3
Nf3 24.Bxf3 Bxc3 25.Red1 Qf6 26.Kg2 Rcxe4 27.Rxc3 Qxc3 28.Rxd6 Rxe3 29.Bxb7
Qc7 30.fxe3 Qxd6 31.Qb3 Qb6 32.Bd5 Rxe3 33.Bxf7+ Kg7 34.Qa2 Qd4 {#R} 0-1

[Event "Ch Vietnam"]
[Site "masterchessopen.com Quang Binh (Vietnam)"]
[Round "8"]
[White "Hoang Thanh Son (VIE)"]
[Black "Nguyen Huu Duc Luan (VIE)"]
[Result "1-0"]
[WhiteElo "2325"]
[BlackElo "2170"]

1.d4 Nf6 2.Nf3 g6 3.c4 Bg7 4.Nc3 d6 5.g3 O-O 6.Bg2 Nbd7 7.O-O e5 8.e4 c6 9.b3
exd4 10.Nxd4 Nc5 11.h3 Re8 12.Re1 Qb6 13.Be3 Qc7 14.Qc2 a5 15.Rad1 Nh5 16.Qd2
Bd7 17.Nde2 Be6 18.Qxd6 Qxd6 19.Rxd6 Na6 20.g4 Nf6 21.f4 Nb4 22.Red1 Nxg4
23.hxg4 Bxg4 24.R1d2 Bf8 25.c5 Bxd6 26.cxd6 f6 27.Bb6 Bd7 28.Na4 f5 29.e5 Nd5
30.Bxd5+ cxd5 31.Nc5 Bc6 32.e6 Kf8 33.Nd4 a4 34.b4 Reb8 35.b5 Be8 36.Re2 a3
37.Kf2 h6 38.Kg3 g5 39.Nxf5 gxf4+ 40.Kxf4 Bxb5 41.Rg2 Rc8 42.d7 {#r} 1-0

[Event "Ch Rome"]
[Site "masterchessopen.com Rome (Italy)"]
[Round "1"]
[White "Ortega Lexy (ITA)"]
[Black "Marta Daniele (ITA)"]
[Result "1-0"]
[WhiteElo "2470"]
[BlackElo "2029"]

1.d4 Nf6 2.Nf3 g6 3.c4 Bg7 4.g3 O-O 5.Bg2 d6 6.O-O Nbd7 7.Nc3 e5 8.e4 c6 9.b3
Qe7 10.h3 exd4 11.Nxd4 a5 12.Bf4 Nc5 13.Nf5 gxf5 14.Bxd6 Qe6 15.Bxc5 Nxe4
16.Nxe4 Bxa1 17.Qxa1 fxe4 18.Bxf8 Kxf8 19.Qh8+ Ke7 20.Rd1 {#r} 1-0

[Event "Ch Slovakia (team) 1996/97"]
[Site "masterchessopen.com Slovakia"]
[Round "9"]
[White "Lipka Juraj (SVK)"]
[Black "Hrivnak Martin Jr (SVK)"]
[Result "1-0"]
[WhiteElo "2365"]
[BlackElo "2155"]

1.Nf3 Nf6 2.c4 g6 3.g3 Bg7 4.Bg2 O-O 5.O-O d6 6.d4 Nbd7 7.Nc3 e5 8.e4 c6 9.b3
Re8 10.h3 a6 11.Be3 b5 12.dxe5 dxe5 13.cxb5 axb5 14.Qc2 Bf8 15.Rfd1 Qa5 16.a4
b4 17.Na2 c5 18.Nd2 Nb6 19.Bf1 Be6 20.Nc1 Rec8 21.Nc4 Nxc4 22.Bxc4 Bxh3 23.f3
Qc7 24.Nd3 Bd7 25.Rac1 Be8 26.Qf2 Kh8 27.Rd2 Rab8 28.g4 Nd7 29.Qh4 Nb6 30.Rh2
f6 31.Qxf6+ Qg7 32.Rxh7+ Kxh7 33.Qh4+ {#r} 1-0

[Event "Ch Europe (juniors) (under 14)"]
[Site "masterchessopen.com Tallinn (Estonia)"]
[Round "3"]
[White "Drozdovskij Yuri (UKR)"]
[Black "Teterev Vitaly (BLR)"]
[Result "1-0"]
[WhiteElo "2616"]
[BlackElo "2519"]

1.d4 Nf6 2.c4 g6 3.Nc3 Bg7 4.g3 O-O 5.Bg2 d6 6.Nf3 Nbd7 7.O-O e5 8.e4 c6 9.a3
Re8 10.Re1 Qb6 11.d5 cxd5 12.cxd5 Nc5 13.Rb1 a5 14.Be3 Bd7 15.Nd2 Qc7 16.Bf1
Rec8 17.Rc1 Qd8 {#r} 1-0

[Event "Ch Slovakia (juniors) (under 16)"]
[Site "masterchessopen.com Zilina (Slovakia)"]
[Round "0"]
[White "Vavrak Peter (SVK)"]
[Black "Rachela Milan (SVK)"]
[Result "1-0"]
[WhiteElo "2245"]
[BlackElo "2025"]

1.d4 Nf6 2.Nf3 g6 3.c4 Bg7 4.g3 d6 5.Bg2 O-O 6.O-O Nbd7 7.Nc3 e5 8.e4 c6 9.Re1
exd4 10.Nxd4 Ng4 11.h3 Nge5 12.b3 Nc5 13.Be3 Qc7 14.f4 Ned7 15.Qd2 Nb6 16.Rac1
Rd8 17.Kh2 Ne6 18.Nce2 d5 19.Nxe6 fxe6 20.Qa5 Bd7 21.c5 d4 22.Bd2 d3 23.Ng1
Nd5 24.exd5 {#r} 1-0

[Event "It (open)"]
[Site "masterchessopen.com St. Ingbert (Germany)"]
[Round "5"]
[White "Kalinitschew Sergey (GER)"]
[Black "Simons Joerg (GER)"]
[Result "1-0"]
[WhiteElo "2525"]
[BlackElo "2026"]

1.d4 Nf6 2.Nf3 g6 3.c4 Bg7 4.g3 O-O 5.Bg2 d6 6.O-O Nbd7 7.Nc3 e5 8.e4 c6 9.b3
Qc7 10.h3 a6 11.Be3 Re8 12.Qc2 Nf8 13.Rad1 exd4 14.Nxd4 c5 15.Nde2 Be6 16.Rd2
Rad8 17.Rfd1 Nh5 18.g4 Nf6 19.Bf4 Nxg4 20.hxg4 Bxg4 21.f3 Bc8 22.Rxd6 Rxd6
23.Bxd6 Qc6 24.Bg3 b5 25.Nd5 Ne6 26.e5 {#r} 1-0

[Event "Memorial P.Keres (open)"]
[Site "masterchessopen.com Burnaby (Canada)"]
[Round "6"]
[White "Niksic John (CAN)"]
[Black "Ferguson Jim (CAN)"]
[Result "1-0"]
[WhiteElo "2077"]
[BlackElo "2152"]

1.d4 Nf6 2.Nf3 g6 3.g3 Bg7 4.Bg2 O-O 5.c4 d6 6.Nc3 Nbd7 7.O-O e5 8.e4 c6 9.Re1
Qb6 10.d5 cxd5 11.cxd5 Nc5 12.h3 Bd7 13.b3 Rfc8 14.Be3 Qd8 15.Qb1 a5 16.Bf1
Ne8 17.Qd1 f5 18.Rc1 Nf6 19.Ng5 h6 20.Bxc5 Rxc5 21.Ne6 Bxe6 22.dxe6 fxe4
23.Nxe4 Nxe4 24.Rxe4 Rxc1 25.Qxc1 d5 26.Rg4 Qf6 27.Qc7 h5 28.Ra4 Rf8 29.f4
Qxe6 30.Qxb7 exf4 31.Rxf4 Qe3+ 32.Kh1 Rxf4 33.gxf4 d4 34.Qd5+ Kh7 35.Kg2 Qd2+
36.Kh1 Qc1 {#r} 1-0

[Event "Ch Finland (team) 1998/99"]
[Site "masterchessopen.com Finland"]
[Round "1"]
[White "Kekki Petri (FIN)"]
[Black "Johansson Jukka (FIN)"]
[Result "1-0"]
[WhiteElo "2275"]
[BlackElo "2117"]

1.d4 Nf6 2.Nf3 g6 3.c4 Bg7 4.Nc3 d6 5.g3 O-O 6.Bg2 Nbd7 7.O-O e5 8.e4 c6 9.b3
Re8 10.Bb2 a6 11.Qc2 Rb8 12.Rad1 Qa5 13.a3 b5 14.dxe5 Nxe5 15.Nxe5 dxe5 16.b4
Qc7 17.Nb1 bxc4 18.Nd2 a5 19.Nxc4 axb4 20.axb4 Bf8 21.f4 Rxb4 22.Bxe5 Rxe5
23.Nxe5 Qb6+ 24.Kh1 c5 25.Rb1 Bb7 26.Nd3 Rxb1 27.Rxb1 Qc7 28.e5 Bxg2+ 29.Qxg2
Ne8 30.Qd5 Qe7 31.Rb7 Qe6 32.Qxe6 fxe6 33.Rb8 Kf7 34.Rc8 Ng7 35.Nxc5 Nf5 {#r}
1-0

[Event "Ch Hungary (team) 1997/98 (2 liga)"]
[Site "masterchessopen.com Hungary"]
[Round "0"]
[White "Bodnar Alexander (UKR)"]
[Black "Feher Laszlo (HUN)"]
[Result "1-0"]
[WhiteElo "2325"]
[BlackElo "1852"]

1.Nf3 Nf6 2.d4 g6 3.c4 Bg7 4.g3 O-O 5.Bg2 d6 6.Nc3 Nbd7 7.O-O e5 8.e4 c6 9.d5
cxd5 10.cxd5 Nc5 11.Ne1 a5 12.Nd3 Nxd3 13.Qxd3 Bd7 14.a4 Rc8 15.h3 Ne8 16.Be3
f5 17.exf5 gxf5 18.Qd2 Qf6 19.f4 e4 20.Bb6 Rc4 21.Kh2 Rf7 22.Qe2 Rc8 23.Rfd1
Ra8 24.Rac1 Qg6 25.Nb5 Ra6 26.Bf2 Qf6 27.Rc2 Ra8 28.Rdc1 Qd8 29.b3 Rc8 30.Be3
Bxb5 31.Qxb5 Rxc2 32.Rxc2 Qb8 33.Qxa5 Rc7 34.Rc4 Qc8 35.Qb4 Bf6 {#r} 1-0